EMAGALELO (Record no. 50554)
[ view plain ]
| 000 -LEADER | |
|---|---|
| fixed length control field | 00358nam a2200157Ia 4500 |
| 003 - CONTROL NUMBER IDENTIFIER | |
| control field | 3228 |
| 005 - DATE AND TIME OF LATEST TRANSACTION | |
| control field | 20250225101532.0 |
| 008 - FIXED-LENGTH DATA ELEMENTS--GENERAL INFORMATION | |
| fixed length control field | 220622s9999 xx 000 0 und d |
| 020 ## - INTERNATIONAL STANDARD BOOK NUMBER | |
| International Standard Book Number | <a href="9780796002570">9780796002570</a> |
| Qualifying information | (pbk) |
| 040 ## - CATALOGING SOURCE | |
| Transcribing agency | 3228 |
| 082 ## - DEWEY DECIMAL CLASSIFICATION NUMBER | |
| Classification number | SWA F MBUY |
| 942 ## - ADDED ENTRY ELEMENTS | |
| Modifier ID | 923 |
| Modifier Name | Itumeleng Itswene |
| 100 ## - MAIN ENTRY--PERSONAL NAME | |
| Personal name | MBUYANE,MS |
| 245 #0 - TITLE STATEMENT | |
| Title | EMAGALELO |
| 942 ## - ADDED ENTRY ELEMENTS | |
| item type | Books |
| Source of classification or shelving scheme | Dewey Decimal Classification |
| Withdrawn status | Lost status | Damaged status | Not for loan | Home library | Current library | Date acquired | Cost, normal purchase price | Total Checkouts | Barcode | Date last seen | Price effective from | item type | Source of classification or shelving scheme | Collection code | Shelving location | Full call number | Public note |
|---|---|---|---|---|---|---|---|---|---|---|---|---|---|---|---|---|---|
| MBOMBELA REGIONAL LIBRARY | Kamhlushwa | 24.05.2022 | 75.50 | 33228031032749 | 24.05.2022 | 24.05.2022 | Books | Dewey Decimal Classification | 800: Literature | General Stacks | 896.39871008 MBUY | ||||||
| Mhluzi PL (MMID-PLST-MHLU) | Mhluzi PL (MMID-PLST-MHLU) | 22.06.2022 | 135.00 | 33228-021322811 | 22.06.2022 | 22.06.2022 | Books | 201503 | |||||||||
| RIVERSIDE REFERENCE LIBRARY | RIVERSIDE REFERENCE LIBRARY | 04.08.2021 | 152.00 | 33228024055798 | 04.08.2021 | 04.08.2021 | Books | ||||||||||
| MBOMBELA REGIONAL LIBRARY | White River | 09.05.2022 | 75.50 | 33228031024608 | 09.05.2022 | 09.05.2022 | Book | Dewey Decimal Classification | 800: Literature | General Stacks | 896.39871008 MBUY | ||||||
| eMbalenhle | eMbalenhle | 23.04.2026 | 33228016541326 | 23.04.2026 | 23.04.2026 | Book | Dewey Decimal Classification | 800: Literature | Fiction | SWA F MBUY | |||||||
| eMbalenhle | eMbalenhle | 01.06.2026 | 040198 | 01.06.2026 | 01.06.2026 | Book | Dewey Decimal Classification | 800: Literature | Fiction | SWA F MBUY | |||||||
| eMbalenhle | eMbalenhle | 03.06.2026 | 33228020787220 | 03.06.2026 | 03.06.2026 | Book | Dewey Decimal Classification | 800: Literature | Fiction | SWA F MBUY |